Katsura: imperial villa (Record no. 66889)

MARC details
000 -LEADER
fixed length control field 00254nam a22001097a 4500
005 - DATE AND TIME OF LATEST TRANSACTION
control field 20251008141052.0
008 - FIXED-LENGTH DATA ELEMENTS--GENERAL INFORMATION
fixed length control field 251008b |||||||| |||| 00| 0 eng d
040 ## - CATALOGING SOURCE
Transcribing agency PK-LaNCA
082 ## - DEWEY DECIMAL CLASSIFICATION NUMBER
Classification number 915.2191
Item number KAT
245 ## - TITLE STATEMENT
Title Katsura: imperial villa
942 ## - ADDED ENTRY ELEMENTS (KOHA)
Koha item type Book
999 ## -
-- 66889
-- 66889
Holdings
Withdrawn status Weedout from Library Permanent Location Current Location Date acquired Full call number Barcode Price effective from Koha item type
    NATIONAL COLLEGE OF ARTS, RAWALPINDI CAMPUS - LIBRARY NATIONAL COLLEGE OF ARTS, RAWALPINDI CAMPUS - LIBRARY 08/10/2025 KAT 915.2191 RP006654 RP006654 08/10/2025 Book